<?xml version="1.0" encoding="UTF-8"?><?xml-stylesheet type="text/xsl" href="static/style.xsl"?><OAI-PMH xmlns="http://www.openarchives.org/OAI/2.0/" xmlns:xsi="http://www.w3.org/2001/XMLSchema-instance" xsi:schemaLocation="http://www.openarchives.org/OAI/2.0/ http://www.openarchives.org/OAI/2.0/OAI-PMH.xsd"><responseDate>2026-04-17T03:25:20Z</responseDate><request verb="GetRecord" identifier="oai:www.recercat.cat:2117/98419" metadataPrefix="marc">https://recercat.cat/oai/request</request><GetRecord><record><header><identifier>oai:recercat.cat:2117/98419</identifier><datestamp>2025-07-17T15:46:21Z</datestamp><setSpec>com_2072_1033</setSpec><setSpec>col_2072_452951</setSpec></header><metadata><record xmlns="http://www.loc.gov/MARC21/slim" xmlns:dcterms="http://purl.org/dc/terms/" xmlns:xsi="http://www.w3.org/2001/XMLSchema-instance" xmlns:doc="http://www.lyncode.com/xoai" xsi:schemaLocation="http://www.loc.gov/MARC21/slim http://www.loc.gov/standards/marcxml/schema/MARC21slim.xsd">
   <leader>00925njm 22002777a 4500</leader>
   <datafield ind2=" " ind1=" " tag="042">
      <subfield code="a">dc</subfield>
   </datafield>
   <datafield ind2=" " ind1=" " tag="720">
      <subfield code="a">Estadella Valls, Xavier</subfield>
      <subfield code="e">author</subfield>
   </datafield>
   <datafield ind2=" " ind1=" " tag="260">
      <subfield code="c">2016-06-23</subfield>
   </datafield>
   <datafield ind2=" " ind1=" " tag="520">
      <subfield code="a">Actualment el terme Big Data, concepte que fa referencia a l’emmagatzematge de grans quantitats de dades i als procediments per analitzar-los, està present entre nosaltres. Tant per temes empresarials com les xarxes socials o gran consum, com per temes d’esport tant en àmbit professional com aficionat i sobretot molt important per temes d’investigació. La creació d’aparells amb sensors o sistemes de mesura esta en augment i permeten la recopilació dades que després s’analitzen per a arribar a conclusions o trobar certs patrons de comportament en les coses. En aquest treball es vol crear un prototipus d’una paperera que permeti la recollida d’una  sèrie de dades sobre aquesta, per així poder veure l’estat en el que es troba en cada moment i per a poder analitzar les dades, extreure conclusions i/o trobar certs patrons. Bàsicament en aquest prototipus es controlarà tant la temperatura i humitat del interior com&#xd;
el tant per cent del volum que es troba ocupat. Aquest control es realitza mitjançant l’ús de sensors i una placa electrònica. A més es requereix d’un sistema al darrere de la paperera que permeti l’emmagatzematge d’aquestes dades per a una posterior visualització i anàlisis. Aquest aspecte també es dissenya durant el treball, concretament es crea un servidor amb una Base de Dades per a poder disposar totes les mesures. Aquest servidor també funciona com a web per a visualitzar l’estat actual de la paperera i les dades dipositades. Un cop realitzat el disseny del prototip i comprovar la seva funcionalitat, s’ha fet un estudi econòmic sobre el cost del treball i de l’impacte ambiental que aquest ha suposat. Destacar que aquest compleix amb la seva finalitat i que l’estructura global (paperera més servidor) s’ha pensat per a poder contenir més papereres i, per tant, poder escalar aquest treball al control de tot un conjunt de papereres de ,per exemple, un aeroport, centre comercial, ciutat ... L’escriptura d’aquest treball s’ha pensat per a que qualsevol persona pugui reproduir la totalitat del prototipus, tant la part de la paperera com la del servidor. I ,per tant, pugui aplicar canvis o millores adaptant-lo al seu gust.</subfield>
   </datafield>
   <datafield tag="653" ind2=" " ind1=" ">
      <subfield code="a">Àrees temàtiques de la UPC::Informàtica</subfield>
   </datafield>
   <datafield tag="653" ind2=" " ind1=" ">
      <subfield code="a">Computer security</subfield>
   </datafield>
   <datafield tag="653" ind2=" " ind1=" ">
      <subfield code="a">Data protection</subfield>
   </datafield>
   <datafield tag="653" ind2=" " ind1=" ">
      <subfield code="a">Seguretat informàtica</subfield>
   </datafield>
   <datafield tag="653" ind2=" " ind1=" ">
      <subfield code="a">Protecció de dades</subfield>
   </datafield>
   <datafield ind2="0" ind1="0" tag="245">
      <subfield code="a">Prototip d'una paperera intel·ligent</subfield>
   </datafield>
</record></metadata></record></GetRecord></OAI-PMH>